00864nam a2200193 a 4500003000200000005001700002008004100019050003300060100002600093245012400119260009000243300004000333504004100373650006600414650002600480942001400506999001700520952013300537020250428092345.0050808s19uu xx 00 eng d aPHS HQ 784.T4.E34b.B73 2005 aBrambilla, Michael L. aEffects of exposure to violent television programs on the values of male upper school students /cMichael L. Brambilla. aLas Piñas City, Philippines :bSouthville International School and Colleges,c2005. a41 pages :billustrations ;c28 cm. aIncludes bibliographical references. 2Library of Congress Subject HeadingsaViolence on television. aTelevision and youth. cPASS2lcc c97192d97192 00102lcc40aLUXbLUXcPASSd2005-08-08eDONATIONl0oPHS HQ 784.T4.E34 .B73 2005pP1219r2014-04-08 00:00:00w2014-04-08yPASS